Movies Quiz

Random Movies Quiz

Top 15 Matthew McConaughey Rotten Tomato Ratings Quiz Stats

 Plays Quiz not verified by Sporcle

Score 0/15 Timer 05:00
0 Plays Today
RT Rating Movie Title % Correct
93%Dallas Buyers Club
94.4%
97%Mud
77%
93%Dazed and Confused
72.8%
78%The Wolf of Wall Street
67.6%
83%The Lincoln Lawyer
59.6%
80%Magic Mike
43.2%
79%Killer Joe
42.3%
77%Amistad
26.8%
RT Rating Movie Title % Correct
82%Tropic Thunder
26.3%
89%Bernie
24.4%
97%Kubo and the Two Strings
21.6%
94%Lone Star
14.1%
73%Frailty
14.1%
73%Boys on the Side
6.6%
83%13 Conversations About One Thing
1.9%

You're not logged in!

Compare scores with friends on all Sporcle quizzes.
OR
Log In

Show Comments

Extras

Top Quizzes Today


Score Distribution

Your Account Isn't Verified!

In order to create a playlist on Sporcle, you need to verify the email address you used during registration. Go to your Sporcle Settings to finish the process.

Report this User

Report this user for behavior that violates our Community Guidelines.

Details: